| 000 | 00944nac a22002777a 4500 | ||
|---|---|---|---|
| 001 | BR8305091 | ||
| 003 | BR-BrBNA | ||
| 005 | 20240105115840.0 | ||
| 008 | 230509b bl.|||m| |||| 00| 0 por d | ||
| 040 |
_aBR-BrBNA _bpor _cBiblioteca Nacional de Agricultura |
||
| 072 | _aE10 | ||
| 090 | _a0430 BR8305091 | ||
| 100 | 1 | _aFreire, E.C. | |
| 100 | 1 | _aGomes, I.F. | |
| 100 | 1 | _aSilva, F. de A. | |
| 110 | 1 |
_aCentro Nacional de Pesquisa do Algodao, Campina Grande, PB (Brasil) _91702 |
|
| 245 | 1 | _aCorrelacao entre a leitura no fibrografo SL 2,5 por cento e o comprimento comercial do algodao nordestino [Brasil] | |
| 260 | 3 |
_aCampina Grande, PB (Brasil): _c1983. |
|
| 300 | _a4 p. | ||
| 490 |
_aComunicado Tecnico - Centro Nacional de Pesquisa do Algodao (Brazil) _vno. 24 _x |
||
| 650 | _aALGODAO | ||
| 650 | _aFIBRA VEGETAL | ||
| 650 | _aREGIAO NORDESTE | ||
| 909 |
_a202312 _bLúcia Elande _c55 _dLúcia Elande |
||
| 942 |
_2AGRIS _n0 _cMS |
||
| 999 |
_c276693 _d276693 |
||